Dips or Dog Breeds? Quiz Stats

 Plays Quiz Updated Jun 1, 2018

Score 0/15 Timer 02:00
5 Plays Today
% Correct
Ketchup
95.5%
Guacamole
94.8%
Hummus
94.6%
Pesto
93.3%
Salsa
92%
Hollandaise
90.6%
Aioli
90.5%
Tzatziki
81.4%
% Correct
Taramosalata
69.8%
Romesco
67.5%
Harissa
60.1%
Satsivi
55.9%
Ajvar
49.3%
Muhammara
47.4%
Tentsuyu
38%

You're not logged in!

Compare scores with friends on all Sporcle quizzes.
OR
Log In

You Might Also Like...

Show Comments

Extras

Top Quizzes Today


Score Distribution

Your Account Isn't Verified!

In order to create a playlist on Sporcle, you need to verify the email address you used during registration. Go to your Sporcle Settings to finish the process.

Report this User

Report this user for behavior that violates our Community Guidelines.

Details: